[Event "23rd 4NCL Congress"]
[Site "South Normanton"]
[Date "2019.10.05"]
[Round "2.16"]
[White "Chen, Daniel Xingyu"]
[Black "Nicholson, Jim Wr"]
[Result "0-1"]
[WhiteElo "1703"]
[BlackElo "1983"]
[PlyCount "38"]
[EventDate "2019.10.04"]

1. e4 c6 2. d4 d5 3. exd5 cxd5 4. Bd3 Nc6 5. c3 Qc7 6. Ne2 Bg4 7. f3 Bh5 8. Nf4
Nf6 9. Nxh5 Nxh5 10. O-O e6 11. f4 Nf6 12. f5 Bd6 13. h3 O-O-O 14. Qf3 e5 15.
Qf2 Kb8 16. Na3 a6 17. Be2 exd4 18. cxd4 Ne4 19. Qe3 Bh2+ 0-1

[Event "23rd 4NCL Congress"]
[Site "South Normanton"]
[Date "2019.10.05"]
[Round "2.17"]
[White "Mason, Donald J"]
[Black "Metcalfe, Charlie P"]
[Result "1-0"]
[WhiteElo "2070"]
[BlackElo "1934"]
[PlyCount "96"]
[EventDate "2019.10.04"]

1. e4 e6 2. d4 d5 3. e5 c5 4. c3 Nc6 5. Nf3 Qb6 6. Bd3 cxd4 7. cxd4 Bd7 8. O-O
Nxd4 9. Nbd2 Nxf3+ 10. Nxf3 Rc8 11. Ng5 Bb5 12. Be3 Bc5 13. Rc1 Ne7 14. Rxc5
Rxc5 15. b4 Bxd3 16. Bxc5 Qb5 17. a4 Qc4 18. Re1 Nc6 19. Qd2 Bg6 20. Bd6 Nd4
21. Kh1 Nb3 22. Qe3 d4 23. Qf4 Qc3 24. Rg1 Qc2 25. Nxf7 Bxf7 26. Qg5 Kd7 27.
Qe7+ Kc8 28. Qxf7 Qc4 29. a5 a6 30. h3 d3 31. Qxg7 Rd8 32. Qxh7 d2 33. Qh5 Qc1
34. Qd1 Qc3 35. Qg4 Nd4 36. Rd1 Qa3 37. Qf4 Nb3 38. Qe3 Qc1 39. Qe2 Rd7 40. Kh2
Rf7 41. Qg4 Kd7 42. Qg8 Qxd1 43. Qxf7+ Kc6 44. Qc7+ Kd5 45. Qxb7+ Kd4 46. Qb6+
Kd3 47. b5 Qe1 48. Bb4 {scoresheet unreadable} Qxe5+ 1-0

[Event "23rd 4NCL Congress"]
[Site "South Normanton"]
[Date "2019.10.05"]
[Round "2.18"]
[White "Ansmann, Klaas"]
[Black "Merriman, James"]
[Result "1-0"]
[WhiteElo "1984"]
[BlackElo "1910"]
[PlyCount "107"]
[EventDate "2019.10.04"]

1. e4 e6 2. d4 d5 3. exd5 exd5 4. Nf3 Bd6 5. c4 Nf6 6. Nc3 dxc4 7. Bxc4 O-O 8.
O-O c6 9. Bg5 Bg4 10. h3 Bh5 11. g4 Bg6 12. Ne5 Nbd7 13. f4 Qc7 14. Nxd7 Nxd7
15. f5 Nb6 16. Bb3 h6 17. Bxh6 Bh7 18. Bd2 Rad8 19. Be3 Rfe8 20. Qf3 Be7 21.
Rad1 c5 22. Nb5 Qd7 23. dxc5 Qxb5 24. cxb6 Rxd1 25. Rxd1 axb6 26. Qd5 Qxd5 27.
Rxd5 g6 28. Kf2 gxf5 29. gxf5 Bh4+ 30. Kf3 Bf6 31. Rd7 Re7 32. Rxe7 Bxe7 33.
Kf4 Bf6 34. Bxb6 Bxb2 35. Bd5 Kf8 36. Bxb7 Ke7 37. a4 Bc1+ 38. Ke4 Bd2 39. a5
Bxa5 40. Bxa5 f6 41. Bd5 Kf8 42. Bb4+ Kg7 43. Kf4 Kh6 44. Kg4 Kg7 45. Bc3 Kh6
46. Bd4 Kg7 47. Bc5 Kh8 48. Bf8 Bg8 49. Bxg8 Kxg8 50. Bc5 Kh7 51. Kh5 Kh8 52.
Kg6 Kg8 53. Kxf6 Kh7 54. Ke7 1-0

[Event "23rd 4NCL Congress"]
[Site "South Normanton"]
[Date "2019.10.05"]
[Round "2.19"]
[White "De Coverly, Roger D"]
[Black "Ross, Stuart"]
[Result "1-0"]
[WhiteElo "1958"]
[BlackElo "1636"]
[PlyCount "59"]
[EventDate "2019.10.04"]

1. e4 c5 2. Nf3 d6 3. d4 cxd4 4. Nxd4 Nf6 5. Nc3 a6 6. Bg5 e6 7. f4 Qb6 8. Nb3
Be7 9. Qf3 Nbd7 10. O-O-O Qc7 11. g4 b5 12. Bxf6 Nxf6 13. g5 Nd7 14. a3 Rb8 15.
Rg1 b4 16. axb4 Rxb4 17. f5 Ne5 18. Qf2 exf5 19. Nd5 Qb8 20. Nxb4 Qxb4 21. exf5
Ng4 22. Rd4 Bxg5+ 23. Kb1 Nxf2 24. Rxb4 Bf6 25. Rg2 Nd1 26. Rd2 Nxb2 27. Rxd6
O-O 28. Rxf6 gxf6 29. Kxb2 Bxf5 30. Rf4 1-0

[Event "23rd 4NCL Congress"]
[Site "South Normanton"]
[Date "2019.10.05"]
[Round "2.20"]
[White "Dopychai, Reent"]
[Black "Taylor, Robert K"]
[Result "0-1"]
[WhiteElo "1908"]
[BlackElo "1958"]
[PlyCount "138"]
[EventDate "2019.10.04"]

1. e4 c5 2. c3 Nf6 3. d3 e5 4. Bg5 Nc6 5. Nd2 h6 6. Bh4 Be7 7. Ngf3 b6 8. Nc4
d6 9. Ne3 O-O 10. Be2 Ne8 11. Bxe7 Nxe7 12. Nh4 Rb8 13. O-O d5 14. exd5 Nxd5
15. Nhf5 Nf4 16. g3 Nxe2+ 17. Qxe2 Nd6 18. Nxd6 Qxd6 19. Nc4 Qd5 20. Qxe5 Qc6
21. Qxb8 Bh3 22. Qxf8+ Kxf8 23. f3 Bxf1 24. Rxf1 Qa4 25. Na3 Qd7 26. Rd1 Qd5
27. Kf2 Qxa2 28. Rd2 Qa1 29. Nc4 Qh1 30. Ke3 g5 31. d4 Qf1 32. Ne5 cxd4+ 33.
cxd4 f6 34. Nc6 Qe1+ 35. Kd3 Qc1 36. Nxa7 Qc7 37. Nb5 Qc6 38. Nc3 Qxf3+ 39. Kc2
Qf5+ 40. Kb3 Ke7 41. d5 Qf1 42. Re2+ Kd7 43. Kb4 f5 44. Re6 f4 45. Rxb6 f3 46.
Rxh6 f2 47. Rh7+ Ke8 48. d6 Qd3 49. d7+ Qxd7 50. Rxd7 Kxd7 51. Ne4 f1=Q 52.
Nxg5 Qf8+ 53. Ka4 Qa8+ 54. Kb4 Qg2 55. Kc3 Qxh2 56. Ne4 Qg2 57. Nd2 Qxg3+ 58.
Kc2 Kc6 59. Nb1 Qg6+ 60. Kc1 Kc5 61. Nd2 Qd3 62. Nb1 Kd4 63. b4 Qc4+ 64. Kb2
Qxb4+ 65. Ka2 Qb8 66. Ka1 Kd3 67. Ka2 Kc2 68. Na3+ Kc1 69. Nc4 Qb4 0-1

[Event "23rd 4NCL Congress"]
[Site "South Normanton"]
[Date "2019.10.05"]
[Round "3.1"]
[White "Hebden, Mark L"]
[Black "Willow, Jonah B"]
[Result "1-0"]
[WhiteElo "2427"]
[BlackElo "2327"]
[PlyCount "83"]
[EventDate "2019.10.04"]

1. d4 Nf6 2. Nc3 d5 3. Bf4 e6 4. Nb5 Na6 5. e3 c6 6. Nc3 Bb4 7. Bxa6 bxa6 8.
Nge2 a5 9. a3 Bxc3+ 10. Nxc3 Ba6 11. Qf3 Nd7 12. Qg3 O-O 13. Bc7 Qf6 14. O-O-O
Nb6 15. Rhe1 Rfc8 16. Be5 Qg6 17. Qxg6 hxg6 18. Bd6 Rd8 19. Be7 Re8 20. Bc5 f6
21. e4 Kf7 22. h4 Bb5 23. g3 Nd7 24. exd5 exd5 25. Rxe8 Rxe8 26. Bxa7 f5 27. a4
Bc4 28. Kd2 Ra8 29. Bc5 Nxc5 30. dxc5 Rb8 31. b3 d4 32. Ne2 Bxe2 33. Kxe2 Re8+
34. Kd3 Re5 35. Rd2 Rxc5 36. Kxd4 Rd5+ 37. Kc3 Rc5+ 38. Kb2 Ke6 39. f4 Rd5 40.
Rxd5 Kxd5 41. Kc3 Kc5 42. b4+ 1-0

[Event "23rd 4NCL Congress"]
[Site "South Normanton"]
[Date "2019.10.05"]
[Round "3.2"]
[White "Clarke, Brandon Gi"]
[Black "Modi, Shyam Jagdish"]
[Result "1-0"]
[WhiteElo "2445"]
[BlackElo "2142"]
[PlyCount "69"]
[EventDate "2019.10.04"]

1. e4 c5 2. Nf3 e6 3. d4 cxd4 4. Nxd4 Nc6 5. Nc3 Qc7 6. Be3 a6 7. a3 Nf6 8. f4
d6 9. Qf3 Be7 10. O-O-O Rb8 11. Be2 h5 12. g3 Nxd4 13. Bxd4 b5 14. e5 Bb7 15.
Qd3 Nd5 16. Ne4 f6 17. exd6 Bxd6 18. Nxd6+ Qxd6 19. Qg6+ Kf8 20. Bxh5 Qd7 21.
Bf3 Rc8 22. Qd3 Kf7 23. h4 b4 24. h5 f5 25. Rhe1 Rh6 26. Be5 Qa4 27. b3 Qxa3+
28. Bb2 Qa2 29. Qd4 Rf6 30. Qa7 Rc7 31. Rxd5 exd5 32. Bxd5+ Bxd5 33. Qxc7+ Kg8
34. Bxf6 gxf6 35. Re8# 1-0

[Event "23rd 4NCL Congress"]
[Site "South Normanton"]
[Date "2019.10.05"]
[Round "3.3"]
[White "Sowray, Peter J"]
[Black "Turner, Max N"]
[Result "0-1"]
[WhiteElo "2361"]
[BlackElo "2125"]
[PlyCount "82"]
[EventDate "2019.10.04"]

1. d4 d5 2. c4 e6 3. Nc3 Be7 4. cxd5 exd5 5. Bf4 c6 6. e3 Bd6 7. Nge2 Bf5 8.
Qb3 b6 9. Rc1 Ne7 10. Bxd6 Qxd6 11. Nf4 O-O 12. Be2 Nd7 13. O-O Nf6 14. a3 Rfd8
15. Rfd1 Ng6 16. Nxg6 Bxg6 17. Qa2 Re8 18. b4 b5 19. Qb3 a5 20. Na2 a4 21. Qc3
Re6 22. Qe1 Rae8 23. Nc3 Bh5 24. Bxh5 Nxh5 25. Ne2 f5 26. Ng3 Nxg3 27. hxg3 g5
28. Qe2 Rh6 29. Rc5 Qg6 30. Rdc1 Re6 31. R1c3 g4 32. Qc2 Qh5 33. Kf1 Qh1+ 34.
Ke2 Qxg2 35. Qxf5 Rhf6 36. Qxg4+ Kh8 37. Kd3 Rxf2 38. Rc2 Qf1+ 39. Re2 Qd1+ 40.
Kc3 Rxe3+ 41. Rxe3 Qc2# 0-1

[Event "23rd 4NCL Congress"]
[Site "South Normanton"]
[Date "2019.10.05"]
[Round "3.4"]
[White "Ther, Mate"]
[Black "Bin-Suhayl, Ieysaa"]
[Result "1-0"]
[WhiteElo "2003"]
[BlackElo "2208"]
[PlyCount "45"]
[EventDate "2019.10.04"]

1. e4 c5 2. Nf3 e6 3. d4 cxd4 4. Nxd4 Nc6 5. Nc3 a6 6. Nxc6 bxc6 7. Bd3 d5 8.
O-O Nf6 9. exd5 cxd5 10. Qf3 Be7 11. Be3 O-O 12. Bd4 Qc7 13. Rfe1 Bb7 14. Qh3
h6 15. g3 Nd7 16. Rxe6 fxe6 17. Qxe6+ Rf7 18. Bh7+ Kxh7 19. Qxf7 Bf8 20. Re1
Qd6 21. Re6 Qb4 22. g4 Nf6 23. Rxf6 1-0

[Event "23rd 4NCL Congress"]
[Site "South Normanton"]
[Date "2019.10.05"]
[Round "3.5"]
[White "Nicholson, Jim Wr"]
[Black "Stepanyan, Henrik"]
[Result "0-1"]
[WhiteElo "1983"]
[BlackElo "2207"]
[PlyCount "166"]
[EventDate "2019.10.04"]

1. d4 d5 2. Nf3 Nf6 3. e3 c5 4. b3 Nc6 5. Bb2 cxd4 6. exd4 Bg4 7. Be2 e6 8. O-O
Bd6 9. h3 Bh5 10. Ne5 Bxe2 11. Qxe2 Qc7 12. Nd2 O-O 13. Rac1 Nb4 14. a3 Na2 15.
Ra1 Nc3 16. Qe3 Rac8 17. Rfe1 b5 18. f3 a5 19. Nf1 b4 20. a4 Qb6 21. Kh1 Bb8
22. Ng3 Rc7 23. Ne2 Nxe2 24. Rxe2 Rfc8 25. Rc1 Nd7 26. Nd3 Qd6 27. Qf2 Rxc2 28.
g4 Rxc1+ 29. Bxc1 Qc6 30. Bb2 Ba7 31. Qh4 Qd6 32. g5 Nf8 33. Qg4 Bb8 34. f4 Ng6
35. Rf2 Ne7 36. Ne5 Nf5 37. Qf3 Ba7 38. Rd2 Nh4 39. Qg4 Ng6 40. Nd3 Qa6 41. Qf3
Nh4 42. Qf2 Nf5 43. Ne5 Rc3 44. Bxc3 bxc3 45. Rd1 Qb6 46. Nf3 Qxb3 47. Rc1 Nd6
48. Qc2 Qxc2 49. Rxc2 Ne4 50. Kg2 Bb8 51. Ne5 f6 52. gxf6 gxf6 53. Nd3 Ba7 54.
Nc5 Bxc5 55. dxc5 d4 56. c6 Kf7 57. c7 Nd6 58. Kf3 Ke7 59. c8=Q Nxc8 60. Ke4
Nb6 61. Kxd4 Nxa4 62. Kc4 Nb6+ 63. Kb5 Nd5 64. Kxa5 f5 65. Kb5 Kf6 66. Rc1 h5
67. Kc5 Nxf4 68. Rxc3 e5 69. Kd6 e4 70. Rg3 h4 71. Rb3 Kg5 72. Ke5 Nd3+ 73. Kd4
Kf4 74. Rb1 Nf2 75. Rb3 Nd3 76. Rb1 Kf3 77. Rg1 f4 78. Rg4 Nf2 79. Rxh4 e3 80.
Rh8 e2 81. Re8 Nd1 82. Kd3 Ne3 83. Kd2 Kf2 0-1

[Event "23rd 4NCL Congress"]
[Site "South Normanton"]
[Date "2019.10.05"]
[Round "3.6"]
[White "Webster, Richard J"]
[Black "Merriman, John"]
[Result "0-1"]
[WhiteElo "1948"]
[BlackElo "2201"]
[PlyCount "54"]
[EventDate "2019.10.04"]

1. d4 e6 2. c4 Nf6 3. Nc3 Bb4 4. f3 d5 5. a3 Bxc3+ 6. bxc3 c5 7. e3 O-O 8. Bd3
Qc7 9. cxd5 cxd4 10. Ne2 dxc3 11. dxe6 Bxe6 12. Qc2 Rc8 13. g4 Qa5 14. Rb1 a6
15. Kf2 Nbd7 16. Nf4 Rc7 17. h4 Ne5 18. Nxe6 fxe6 19. Be2 Qc5 20. Rd1 Rf8 21.
Kg3 Nexg4 22. fxg4 Qe5+ 23. Kh3 Ne4 24. Rg1 Rf2 25. Rg2 Rxg2 26. Kxg2 Qg3+ 27.
Kh1 Nf2# 0-1

[Event "23rd 4NCL Congress"]
[Site "South Normanton"]
[Date "2019.10.05"]
[Round "3.7"]
[White "Barnes, Michael H"]
[Black "Seymour, Timothy P"]
[Result "1/2-1/2"]
[WhiteElo "2164"]
[BlackElo "2100"]
[PlyCount "25"]
[EventDate "2019.10.04"]

1. d4 Nf6 2. Nf3 d5 3. c4 e6 4. Nc3 Be7 5. Bf4 O-O 6. e3 b6 7. Bd3 dxc4 8. Bxc4
Ba6 9. Bxa6 Nxa6 10. O-O c5 11. Qe2 Qc8 12. Rac1 Qb7 13. dxc5 1/2-1/2

[Event "23rd 4NCL Congress"]
[Site "South Normanton"]
[Date "2019.10.05"]
[Round "3.8"]
[White "Wynarczyk, Raymond"]
[Black "Burrows, Martin P"]
[Result "0-1"]
[WhiteElo "1794"]
[BlackElo "2153"]
[PlyCount "98"]
[EventDate "2019.10.04"]

1. e4 c5 2. Nf3 d6 3. Bb5+ Nd7 4. d4 Ngf6 5. Nc3 cxd4 6. Qxd4 e5 7. Qd3 h6 8.
h3 a6 9. Bxd7+ Bxd7 10. Be3 Be7 11. O-O O-O 12. a4 Qa5 13. b4 Qc7 14. Rfc1 Rac8
15. Ne2 d5 16. Ng3 dxe4 17. Nxe4 Nxe4 18. Qxe4 Bc6 19. Qxe5 Bxf3 20. Qxc7 Rxc7
21. gxf3 Bxb4 22. Rab1 a5 23. c4 Rfc8 24. c5 Bxc5 25. Bf4 Rc6 26. Kg2 Bb4 27.
Rd1 Rg6+ 28. Kh2 Rc2 29. Bg3 b6 30. Rbc1 Rgc6 31. Rxc2 Rxc2 32. Rd8+ Kh7 33.
Rd7 Kg6 34. Kg2 Ra2 35. Bc7 Bc5 36. Bxb6 Rxf2+ 37. Kg3 Bxb6 38. Rd6+ f6 39.
Rxb6 Ra2 40. Rb5 Rxa4 41. h4 h5 42. f4 Ra3+ 43. Kg2 a4 44. f5+ Kh7 45. Ra5 Ra1
46. Ra6 a3 47. Ra7 a2 48. Kh2 Kg8 49. Kg2 Kf8 0-1

[Event "23rd 4NCL Congress"]
[Site "South Normanton"]
[Date "2019.10.05"]
[Round "3.9"]
[White "Munshi, Aditya"]
[Black "Verma, Aditya"]
[Result "1-0"]
[WhiteElo "2183"]
[BlackElo "2172"]
[PlyCount "61"]
[EventDate "2019.10.04"]

1. e4 c5 2. Nf3 d6 3. Bb5+ Bd7 4. Bxd7+ Qxd7 5. c4 Nc6 6. d4 cxd4 7. Nxd4 g6 8.
b3 Bg7 9. Bb2 Nf6 10. Nc3 O-O 11. O-O Rfd8 12. Re1 Rac8 13. Nd5 Nxd5 14. exd5
Nxd4 15. Bxd4 Bxd4 16. Qxd4 a6 17. Re3 Rc7 18. Rae1 Qf5 19. Qh4 Rdd7 20. Rf3
Qc2 21. Rh3 h5 22. Qg5 b5 23. g4 hxg4 24. Qxg4 Rb7 25. Qd4 f6 26. Qh4 g5 27.
Qh8+ Kf7 28. Rh7+ Kg6 29. Rg7+ Kf5 30. Qh7+ Kf4 31. Qxc2 1-0

[Event "23rd 4NCL Congress"]
[Site "South Normanton"]
[Date "2019.10.05"]
[Round "3.10"]
[White "Moore, Gerald"]
[Black "De Coverly, Roger D"]
[Result "1/2-1/2"]
[WhiteElo "2089"]
[BlackElo "1958"]
[PlyCount "107"]
[EventDate "2019.10.04"]

1. Nf3 Nf6 2. c4 g6 3. Nc3 Bg7 4. e4 d6 5. d4 O-O 6. Be2 e5 7. d5 Nbd7 8. O-O
Nc5 9. Nd2 a5 10. Rb1 Bd7 11. b3 Ne8 12. a3 f5 13. b4 axb4 14. axb4 Na4 15. Qc2
Nf6 16. Nxa4 Bxa4 17. Qd3 Bd7 18. Bf3 f4 19. Bb2 g5 20. Ra1 Rxa1 21. Rxa1 g4
22. Bd1 Nh5 23. Ba4 g3 24. Bxd7 gxf2+ 25. Kxf2 Qxd7 26. Qf3 Nf6 27. Kg1 c6 28.
h3 cxd5 29. cxd5 Qc7 30. Kh2 Qc2 31. Bc1 Rc8 32. b5 Rc3 33. Qf2 Nxe4 34. Nxe4
Qxe4 35. Ra8+ Bf8 36. Qh4 Qg6 37. Bxf4 exf4 38. Qxf4 Qg7 39. Qxd6 Rc2 40. Qe6+
Kh8 41. Rxf8+ Qxf8 42. Qe5+ Kg8 43. Qg5+ Qg7 44. Qd8+ Kf7 45. Qd7+ Kg6 46. Qg4+
Kf6 47. Qe6+ Kg5 48. Qg4+ Kf6 49. Qf4+ Ke7 50. Qe4+ Kd6 51. Qxc2 Qe5+ 52. Kh1
Qe1+ 53. Kh2 Qe5+ 54. Kh1 1/2-1/2

[Event "23rd 4NCL Congress"]
[Site "South Normanton"]
[Date "2019.10.05"]
[Round "3.11"]
[White "Taylor, Robert K"]
[Black "Makkar, Rajat"]
[Result "0-1"]
[WhiteElo "1958"]
[BlackElo "2071"]
[PlyCount "64"]
[EventDate "2019.10.04"]

1. e4 e5 2. Nf3 Nf6 3. Nxe5 d6 4. Nf3 Nxe4 5. Nc3 Nxc3 6. dxc3 Nd7 7. Bg5 Be7
8. Bxe7 Qxe7+ 9. Be2 O-O 10. O-O Nc5 11. Re1 Be6 12. Qd4 d5 13. Bd3 Rad8 14. b4
Nxd3 15. cxd3 b6 16. Qf4 c5 17. a3 Rc8 18. Rac1 Rc7 19. b5 c4 20. d4 a6 21. a4
Ra7 22. Rb1 Qa3 23. bxa6 Rxa6 24. Ng5 Qxc3 25. Qd6 Bf5 26. Rbd1 h6 27. Nxf7
Rxf7 28. Qxd5 Raa7 29. Qd8+ Kh7 30. Qxb6 Bc2 31. Rc1 Qd2 32. d5 Rae7 0-1

[Event "23rd 4NCL Congress"]
[Site "South Normanton"]
[Date "2019.10.05"]
[Round "3.12"]
[White "Simpson, Derek"]
[Black "Mason, Donald J"]
[Result "0-1"]
[WhiteElo "1638"]
[BlackElo "2070"]
[PlyCount "60"]
[EventDate "2019.10.04"]

1. d4 g6 2. Nf3 Bg7 3. e3 f5 4. c4 Nf6 5. Nc3 O-O 6. b4 a5 7. b5 c5 8. Bb2 cxd4
9. exd4 d6 10. Be2 Kh8 11. O-O b6 12. Re1 e6 13. Bf1 h6 14. Rc1 g5 15. Rc2 Re8
16. Bd3 Ra7 17. Bc1 Nh7 18. Be2 g4 19. Nd2 Bxd4 20. Nf1 Be5 21. Be3 Rg7 22. f4
gxf3 23. Bxf3 Ng5 24. Bxg5 Qxg5 25. Qd2 Bb7 26. Qxg5 hxg5 27. Bxb7 Rxb7 28. Ne2
Rc8 29. Ne3 Rbc7 30. Rec1 Nd7 0-1

[Event "23rd 4NCL Congress"]
[Site "South Normanton"]
[Date "2019.10.05"]
[Round "3.13"]
[White "Ansmann, Klaas"]
[Black "Vieira, Jose Pedro"]
[Result "1-0"]
[WhiteElo "1984"]
[BlackElo "1463"]
[PlyCount "57"]
[EventDate "2019.10.04"]

1. d4 d5 2. Nf3 Nf6 3. g3 e6 4. Bg2 Be7 5. O-O O-O 6. c4 c6 7. Qc2 Nbd7 8. Nbd2
c5 9. b3 cxd4 10. Nxd4 e5 11. Nf5 dxc4 12. Nxc4 Re8 13. Rd1 Qc7 14. Bb2 Bc5 15.
Rac1 Rb8 16. Nce3 Qb6 17. Kf1 Qa6 18. a3 e4 19. Nc4 Re6 20. b4 Bf8 21. Nd4 b5
22. Nxe6 Qxe6 23. Na5 Qf5 24. h3 Ne5 25. Bxe5 Qxe5 26. Nc6 Qh5 27. Nxb8 Bxh3
28. Rd8 Bf5 29. Qc5 1-0

[Event "23rd 4NCL Congress"]
[Site "South Normanton"]
[Date "2019.10.05"]
[Round "3.14"]
[White "Cast, Julian"]
[Black "Modi, Kishan J"]
[Result "1/2-1/2"]
[WhiteElo "1908"]
[BlackElo "2004"]
[PlyCount "62"]
[EventDate "2019.10.04"]

1. e4 c5 2. Nf3 d6 3. d3 g6 4. g3 Bg7 5. Bg2 Nc6 6. O-O e6 7. Re1 Nge7 8. c3
O-O 9. Bf4 e5 10. Be3 f5 11. Qd2 b6 12. c4 fxe4 13. dxe4 Bg4 14. Ng5 Nd4 15. h3
Bd7 16. f4 h6 17. Nf3 Bxh3 18. Nxd4 exd4 19. Bxh3 dxe3 20. Rxe3 Bd4 21. Nc3 Nc6
22. Kg2 Bxe3 23. Qxe3 Kg7 24. Nd5 Re8 25. Rh1 Nd4 26. Kf2 Rb8 27. Bf1 g5 28.
Bd3 b5 29. cxb5 Qd7 30. fxg5 Qf7+ 31. Nf6 Rh8 1/2-1/2

[Event "23rd 4NCL Congress"]
[Site "South Normanton"]
[Date "2019.10.05"]
[Round "3.15"]
[White "Gardiner, Eric D"]
[Black "Sheppard, Derek A"]
[Result "1-0"]
[WhiteElo "1960"]
[BlackElo "1717"]
[PlyCount "53"]
[EventDate "2019.10.04"]

1. e4 e6 2. d4 d5 3. e5 c5 4. c3 Qb6 5. Nf3 Nc6 6. a3 a5 7. Bd3 Bd7 8. O-O cxd4
9. cxd4 Nxd4 10. Nxd4 Qxd4 11. Nc3 Qh4 12. Be3 Qd8 13. Nb5 Bc6 14. Rc1 Qd7 15.
Qe2 Be7 16. Bb6 Rc8 17. Na7 Ra8 18. Nxc6 bxc6 19. Rxc6 Qb7 20. Rfc1 Nh6 21. Be3
Nf5 22. Rc7 Qb8 23. Bb5+ Kf8 24. Ba7 Qd8 25. Rd7 Qe8 26. Rb7 Nd4 27. Bxd4 1-0

[Event "23rd 4NCL Congress"]
[Site "South Normanton"]
[Date "2019.10.05"]
[Round "3.16"]
[White "Gogia, Armaan"]
[Black "Ireland, David J"]
[Result "1/2-1/2"]
[WhiteElo "1866"]
[BlackElo "1960"]
[PlyCount "53"]
[EventDate "2019.10.04"]

1. Nf3 Nf6 2. g3 g6 3. Bg2 Bg7 4. O-O d5 5. d3 O-O 6. Nc3 d4 7. Nb5 Nc6 8. c4
a6 9. Na3 Bf5 10. Rb1 a5 11. Nb5 e5 12. Nh4 Be6 13. b3 Qd7 14. Bd2 Ne8 15. e3
Rd8 16. exd4 exd4 17. Re1 Nd6 18. Nxd6 Qxd6 19. Bf4 Qd7 20. Qd2 Bf6 21. Nf3 Bf5
22. Ne5 Nxe5 23. Bxe5 Bxe5 24. Rxe5 b6 25. Be4 Bxe4 26. Rxe4 Rfe8 27. Rbe1
1/2-1/2

[Event "23rd 4NCL Congress"]
[Site "South Normanton"]
[Date "2019.10.05"]
[Round "3.17"]
[White "Davis, Lee"]
[Black "Chen, Daniel Xingyu"]
[Result "1-0"]
[WhiteElo "1922"]
[BlackElo "1703"]
[PlyCount "93"]
[EventDate "2019.10.04"]

1. d4 Nf6 2. g3 g6 3. Bg2 Bg7 4. Nf3 d6 5. O-O O-O 6. c4 Nbd7 7. Nc3 e5 8. e4
Nh5 9. d5 Qe7 10. Ne1 Nb6 11. Qe2 a6 12. Be3 Qe8 13. c5 Nd7 14. Nd3 f5 15. f3
f4 16. gxf4 Nxf4 17. Bxf4 exf4 18. cxd6 cxd6 19. Bh3 Ne5 20. Bxc8 Rxc8 21. Rac1
Nc4 22. Nd1 Bd4+ 23. Kh1 Be3 24. Rxc4 Rxc4 25. Nxf4 Bxf4 26. Qxc4 Qc8 27. Qxc8
Rxc8 28. Nc3 Bd2 29. Rd1 Bxc3 30. Rc1 Rf8 31. Rxc3 Rf7 32. Kg2 Kg7 33. Kg3 Kf6
34. h4 Ke5 35. Rc8 Kd4 36. Rd8 Ke5 37. Re8+ Kd4 38. Kf2 Kc5 39. Ke3 Rc7 40. Re6
Rd7 41. f4 b6 42. Re8 Rc7 43. Rd8 Re7 44. a3 a5 45. b3 b5 46. Rc8+ Kb6 47. Rc6+
1-0

[Event "23rd 4NCL Congress"]
[Site "South Normanton"]
[Date "2019.10.05"]
[Round "3.18"]
[White "Metcalfe, Charlie P"]
[Black "Leah, Tom"]
[Result "0-1"]
[WhiteElo "1934"]
[BlackElo "1841"]
[PlyCount "62"]
[EventDate "2019.10.04"]

1. d4 Nf6 2. c4 e6 3. Nf3 d5 4. Nc3 Bb4 5. Bg5 h6 6. Bxf6 Qxf6 7. cxd5 exd5 8.
Rc1 O-O 9. e3 c6 10. Bd3 Bf5 11. O-O Bxc3 12. Rxc3 Nd7 13. b4 a6 14. a4 Bxd3
15. Qxd3 Nb6 16. Qc2 Nc4 17. Rc1 Qd6 18. Qb3 Rfe8 19. Ne1 Nd2 20. Qb2 Nc4 21.
Qb3 Nd2 22. Qc2 Nc4 23. Nd3 Qe7 24. Rb1 Nd6 25. Qb3 Nc4 26. Rc2 Qg5 27. Ra1 h5
28. Raa2 Nd6 29. Nf4 Qxf4 30. b5 axb5 31. Qb4 Qf6 0-1

[Event "23rd 4NCL Congress"]
[Site "South Normanton"]
[Date "2019.10.05"]
[Round "3.19"]
[White "Merriman, James"]
[Black "Dopychai, Reent"]
[Result "0-1"]
[WhiteElo "1910"]
[BlackElo "1908"]
[PlyCount "26"]
[EventDate "2019.10.04"]

1. d4 d6 2. c4 e5 3. d5 f5 4. e4 fxe4 5. Nc3 Nf6 6. Nge2 Bg4 7. Qc2 Qd7 8. Ng3
Na6 9. Ncxe4 Nxe4 10. Qxe4 Nc5 11. Qc2 g6 12. b4 Qa4 13. Qc3 Qd1# 0-1

[Event "23rd 4NCL Congress"]
[Site "South Normanton"]
[Date "2019.10.06"]
[Round "4.1"]
[White "Arkell, Keith C"]
[Black "Hebden, Mark L"]
[Result "1/2-1/2"]
[WhiteElo "2442"]
[BlackElo "2427"]
[PlyCount "65"]
[EventDate "2019.10.04"]

1. d4 Nf6 2. Nf3 g6 3. c4 Bg7 4. g3 c5 5. Bg2 O-O 6. Nc3 cxd4 7. Nxd4 Nc6 8.
O-O d6 9. Nc2 Be6 10. b3 Qd7 11. Re1 Rfd8 12. e4 Ne5 13. Rb1 Bh3 14. Ne3 Nfg4
15. Ncd5 Bxg2 16. Kxg2 Nxe3+ 17. Bxe3 e6 18. Nf4 b5 19. Nd3 bxc4 20. Nxe5 Bxe5
21. bxc4 Qc6 22. Qd3 Rac8 23. Rec1 f5 24. f3 fxe4 25. Qxe4 Qxe4 26. fxe4 Rd7
27. Rb5 h5 28. c5 dxc5 29. Rbxc5 Rxc5 30. Rxc5 Bc7 31. Rc6 Kf7 32. Ra6 Bb6 33.
Bxb6 1/2-1/2

[Event "23rd 4NCL Congress"]
[Site "South Normanton"]
[Date "2019.10.06"]
[Round "4.2"]
[White "Burrows, Martin P"]
[Black "Clarke, Brandon Gi"]
[Result "1-0"]
[WhiteElo "2153"]
[BlackElo "2445"]
[PlyCount "87"]
[EventDate "2019.10.04"]

1. e4 Nc6 2. Nf3 e5 3. d4 exd4 4. Nxd4 Bc5 5. Nb3 Bb6 6. Nc3 Nf6 7. Bg5 d6 8.
Qe2 h6 9. Bh4 Nd4 10. Qd3 Nc6 11. O-O-O Be6 12. Nd5 g5 13. Bg3 Ne5 14. Bxe5
dxe5 15. Qc3 Nd7 16. Be2 c6 17. Nxb6 axb6 18. a3 Ra4 19. f3 Qe7 20. Kb1 f6 21.
h4 g4 22. fxg4 Rxe4 23. Qd3 Ra4 24. g5 fxg5 25. hxg5 Kd8 26. gxh6 Kc7 27. Qe3
b5 28. Nc5 Ba2+ 29. Kxa2 Nxc5 30. Kb1 b4 31. Rh5 Nd7 32. Bg4 Nf6 33. Rxe5 Qf8
34. Re7+ Kb8 35. Qe5+ Ka8 36. Bf3 bxa3 37. Rxb7 Kxb7 38. Qb5+ Kc7 39. Qxa4 Kb8
40. Qxc6 Qb4 41. Qxf6 Rxh6 42. Qd8+ Ka7 43. Rd4 Ka6 44. Be2+ 1-0

[Event "23rd 4NCL Congress"]
[Site "South Normanton"]
[Date "2019.10.06"]
[Round "4.3"]
[White "Turner, Max N"]
[Black "Stepanyan, Henrik"]
[Result "1/2-1/2"]
[WhiteElo "2125"]
[BlackElo "2207"]
[PlyCount "71"]
[EventDate "2019.10.04"]

1. d4 d5 2. c4 e6 3. Nc3 c5 4. cxd5 exd5 5. Nf3 Nc6 6. g3 Nf6 7. Bg2 Be7 8. O-O
O-O 9. Bg5 c4 10. Ne5 Be6 11. e3 Nd7 12. Nxc6 bxc6 13. Bxe7 Qxe7 14. e4 dxe4
15. Bxe4 Rab8 16. Qc2 Qd6 17. Bxh7+ Kh8 18. Be4 Qxd4 19. Rad1 Qc5 20. Qe2 Nf6
21. Rd2 Bg4 22. Qe3 Qxe3 23. fxe3 Rfe8 24. Rf4 Rb6 25. Bf3 Bxf3 26. Rxf3 Kg8
27. Rf4 Rxe3 28. Rxc4 Re6 29. Na4 Rb8 30. Rdc2 Nd5 31. Rxc6 Rxc6 32. Rxc6 Nb4
33. Rc7 Nxa2 34. Rxa7 Nc1 35. Rc7 Nd3 36. Rc3 1/2-1/2

[Event "23rd 4NCL Congress"]
[Site "South Normanton"]
[Date "2019.10.06"]
[Round "4.4"]
[White "Merriman, John"]
[Black "Ther, Mate"]
[Result "1-0"]
[WhiteElo "2201"]
[BlackElo "2003"]
[PlyCount "99"]
[EventDate "2019.10.04"]

1. d4 Nf6 2. c4 e6 3. Nc3 c5 4. d5 exd5 5. cxd5 d6 6. e4 g6 7. Nge2 Bg7 8. Ng3
O-O 9. Be2 h5 10. Bg5 a6 11. a4 Qc7 12. Qd2 Nbd7 13. O-O Re8 14. Rfe1 Rb8 15.
b3 Qa5 16. Qc2 h4 17. Nf1 Qb4 18. Bd2 Ne5 19. h3 Qb6 20. Bg5 Qb4 21. Bd2 Qb6
22. a5 Qc7 23. Ne3 Nh7 24. Ra3 Qe7 25. f4 Nd7 26. Bd3 Nhf6 27. Nc4 Nh5 28. e5
dxe5 29. d6 Qd8 30. f5 Nf4 31. fxg6 fxg6 32. Bxg6 Rf8 33. Bxf4 exf4 34. Nd5
Bd4+ 35. Kh1 Qg5 36. Ne7+ Kh8 37. Be4 Rf6 38. Nf5 Re6 39. Nxd4 cxd4 40. Raa1
Nf6 41. Bf3 Qg3 42. Ne5 Bd7 43. Ng6+ Kg7 44. Rxe6 Bxe6 45. Qc7+ Nd7 46. Ne5 Rf8
47. Nxd7 Rf7 48. Qc5 Rxd7 49. Qe5+ Kf7 50. Bh5+ 1-0